000
00275nam a2200109Ia 4500
008
220204s9999 xx 000 0 und d
082
_b
BOY
100
_a
Boylestad
245
0
_a
Electronic devices and circuit theory
260
_a
New Jersey
_b
Prentice Hall
_c
1982
942
_c
BK
999
_c
38952
_d
38952